Psicología social

Saved in:
Bibliographic Details
Main Author: Moscovici, Serge (autor)
Format: Book
Language:Spanish
Published: Barcelona Paidós 1984
Edition:1a. ed
Series:Biblioteca Cognición y Desarrollo Humano, 1-2
Subjects:
Tags: Add Tag
No Tags, Be the first to tag this record!

MARC

LEADER 00000cam a2200000 a 4500
001 UCK2432
003 CL-VaPUC
008 050113e19840000SP |||||||||||||||||spa|d
020 |a 8475093442 
020 |a 8475093434v.2 
082 0 4 |a 302  |b MOS  |2 21 
100 |a Moscovici, Serge  |e autor  |9 312699 
245 1 0 |a Psicología social 
250 |a 1a. ed 
300 |a v 
942 |c BK 
945 |d 20050113 00:00:00  |a vberengu 
260 |a Barcelona  |b Paidós  |c 1984 
500 |a v.2: Pensamiento y vida social 
500 |a Psicología social y problemas sociales 
650 0 |a Actitud  |9 258129 
650 7 |a CIENCIAS DEL COMPORTAMIENTO  |2 CL-VaPUC  |9 490251 
650 0 |a Comportamiento social  |9 334200 
650 0 |a Desarrollo humano  |9 349614 
650 0 |a Psicología social   |9 222894 
583 |a last modification  |c 20151130 01:32:59  |k Rodrigo Vera 
490 0 |a Biblioteca Cognición y Desarrollo Humano, 1-2 
999 |c 311948  |d 311946 
952 |0 0  |1 0  |4 0  |6 302_000000000000000_MOS_1984  |7 0  |8 R  |9 381687  |a BIBGIM  |b BIBGIM  |d 2019-11-21  |h v.2  |i 4093747  |o 302 MOS 1984  |p 4093747  |r 2025-01-15  |w 2019-11-21  |y BK_R  |k SSL 
952 |0 0  |1 0  |3 erb  |4 0  |6 302_000000000000000_MOS_1984  |7 0  |8 R  |9 381688  |a BIBGIM  |b BIBGIM  |h v.2  |i 5254655  |o 302 MOS 1984  |p 5254655  |r 2025-01-15  |w 2019-11-21  |y BK_R  |z Catalogado en:20151204  |k SSL 
952 |0 0  |1 0  |3 erb  |4 0  |6 302_000000000000000_MOS_1984  |7 0  |8 R  |9 381689  |a BIBGIM  |b BIBGIM  |h v.2  |i 5283485  |l 1  |o 302 MOS 1984  |p 5283485  |r 2025-01-15  |s 2022-03-22  |w 2019-11-21  |y BK_R  |z Catalogado en:20160421  |k SSL